000
00306nam a22001457a 4500
008
230522b ||||| |||| 00| 0 eng d
020
_a
9782070412570
041
_a
FRA
080
_a
82
082
_a
82COE
100
_a
38
101
_a
GJL
245
_a
LA MAISON DU SOMMEIL
_c
COE J
942
_2
udc
_c
BK
999
_c
59794
_d
59794